000 00566nam a2200205Ia 4500
005 20250508170233.0
008 008 250505s9999 xx 000 0 eng d
020 _a978-1-8019-9121-6
037 _aTextBook
040 _aFEDL
_beng
_cFEDL
041 _aeng
_2eng
084 _a507, JOS/R
_qFEDL
100 _aJoseph Celene and others
_9783567
245 0 _aScience education: Concepts and pedagogy
260 _aDelhi, India
_bShipra
_c2022
300 _ax, 387p.
365 _aINR
_b2400
942 _cTB
_h507, JOS/R
999 _c1399964
_d1399964